Top 30 Largest Countries - Hard - Statistics

General Stats
  • This quiz has been taken 112 times
  • The average score is 12 of 30
Answers on the Grid
Answers color-coded by a green-red scale on the quiz's grid according to % correct below.
Afghanistan
Algeria
Angola
Argentina
Australia
Bolivia
Botswana
Brazil
Cameroon
Canada
Central African Rep.
Chad
Chile
China
Colombia
Dem. Rep. Congo
Egypt
Ethiopia
France
India
Indonesia
Iran
Iraq
Japan
Kazakhstan
Kenya
Libya
Madagascar
Mali
Mauritania
Mexico
Mongolia
Myanmar
Namibia
New Zealand
Niger
Nigeria
Oman
Pakistan
Papua New Guinea
Peru
Philippines
Russia
Saudi Arabia
Somalia
South Africa
South Sudan
Spain
Sudan
Sweden
Tanzania
Thailand
Turkey
Turkmenistan
Ukraine
United States
Uzbekistan
Venezuela
Zambia
Zimbabwe
 
Answer Stats
Answer % Correct
Brazil
78%
Canada
75%
Argentina
68%
Australia
63%
Algeria
55%
Dem. Rep. Congo
55%
India
55%
China
53%
Kazakhstan
53%
Russia
50%
United States
50%
Mexico
48%
Mongolia
48%
Saudi Arabia
48%
Chad
43%
Iran
43%
Indonesia
40%
Angola
30%
Libya
28%
Mali
28%
Sudan
28%
Egypt
23%
Ethiopia
23%
Niger
23%
Peru
23%
Bolivia
15%
Colombia
15%
South Africa
15%
Mauritania
13%
Tanzania
8%
No matching quizzes found
Score Distribution
Percent of People with Each Score
Percentile by Number Answered
Your Score History
You have not taken this quiz